00514nam a2200133 a 4500008004100000050002200041100002400063245016700087260001600254300003400270650002000304650002400324650003200348220224s2017 ||||||||||||||||| || u aCBU-PG THESIS/HAM aHamachili, Raymond 10aAssessing knowledge and attitudes towards biogas adoption in selected charcoal dependent households of livingstone town in southern provincecBy Raymond Hamachili aKitwec2017 axvi, 88 Pages : illustrations aBIOGAS - ZAMBIA aBIOGAS - ADAPTATION aCHARCOAL - LIVINGSTONE TOWN